| 000 | 01318cam a2200277 i 4500 | ||
|---|---|---|---|
| 003 | SA-RiAUC | ||
| 005 | 20241214064351.0 | ||
| 008 | 241213s1992 su g 00000 ara c | ||
| 040 |
_aSA-RiAUC _bara _cSA-RiAUC _erda |
||
| 043 | _aa-sy--- | ||
| 082 | 0 | 4 |
_a258.3 _qSA-RiAUC |
| 090 |
_a258.3 _bس ب ك |
||
| 100 | 1 |
_aالسبكي، أحمد بن علي بن عبد الكافي، _d719-763 هجري _eمؤلف. |
|
| 245 | 1 | 0 |
_aقضاء الأرب في أسئلة حلب / _cأحمد بن علي بن عبد الكافي السبكي ؛ تحقيق محمد عالم الأفغاني. |
| 264 | 1 |
_aمكة المكرمة : _bالمكتبة التجارية، _c[1992] |
|
| 300 |
_a606 صفحة ؛ _c24 سم |
||
| 336 |
_aنص _btxt _2rdacontent _3كتاب |
||
| 337 |
_aبدون وسيط _bn _2rdamedia |
||
| 338 |
_aمجلد _bnc _2rdacarrier |
||
| 500 | _aأصل الكتاب أطروحة (ماجستير) في الفقه وأصوله. | ||
| 650 | 7 |
_aأصول الفقه الإسلامي _2aucsh |
|
| 700 | 1 |
_aالأفغاني، محمد عالم عبد المجيد _eمحقق. |
|
| 700 | 1 | 2 |
_iتحقيق لـ (عمل) : _aالسبكي، أحمد بن علي بن عبد الكافي، _d719-763 هجري. _tقضاء الأرب في أسئلة حلب. |
| 942 |
_2ddc _cBOOK _n0 |
||
| 949 |
_aSA-JeALM _d241213 _uosman123 _n1 |
||
| 999 |
_c3468 _d3468 |
||